| 000 | 00701nam a2200241 a 4500 | ||
|---|---|---|---|
| 999 |
_c685 _d685 |
||
| 008 | 190719s2007 xxka|||g||||||||| ||eng|| | ||
| 020 | _c£ 81.00 | ||
| 040 |
_aKO _beng |
||
| 041 | 0 | _aeng | |
| 044 | _axxk | ||
| 082 | 0 | 4 |
_223 _a623.888 _bIn821/B |
| 110 | _aInternational Chamber of Shipping (London) | ||
| 245 | 0 |
_aBridge Procedures Guide / _cInternational Chamber of Shipping |
|
| 250 | _a4th ed. | ||
| 260 |
_aLondon : _bMarisec Publications, _c2007 |
||
| 300 |
_a113 p. : _bill. ; _c29.5 cm + _e1 CD-ROM |
||
| 504 | _aIncludes bibliographical references. | ||
| 650 |
_aNavigation _xSafety measures |
||
| 650 |
_aShips _xSafety measures |
||
| 904 | _aS_JOY | ||
| 942 |
_2ddc _cBK |
||